000 00675 a2200181 4500
999 _c7489
_d7489
020 _a0137034962
050 0 0 _aHF 5415.32 SOL 2011
100 1 _aSolomon, Michael R.
_eauthor
245 1 0 _aConsumer behavior :
_bbuying, having, and being /
_cMichael R. Solomon.
250 _a9th ed.
264 _aBoston :
_bPearson
_c2011
300 _a680 p. :
_bill. (some col.) ;
500 _aIncludes bibliographical references and indexes.
504 _aIncludes bibliographical references and indexes.
650 0 _aConsumer behavior.
942 _2lcc
_cBK
_h5415.32
_iSOL
_kHF